000 00361nam a2200133Ia 4500
008 100328s9999 xx 000 0 und d
082 _b59393
100 _aदवणे प्रवीण.
245 _aसावर रे-1.
260 _bनवचैतन्य.
630 _aसावर रे-1.
730 _aसावर रे-1.
942 _cBOOK
999 _c545626
_d545623